Hỏi đáp về giá lương tiền

में बचाया:
ग्रंथसूची विवरण
मुख्य लेखक: Mai Châu
स्वरूप: पुस्तक
प्रकाशित: H. Lao động 1986
विषय:
टैग : टैग जोड़ें
कोई टैग नहीं, इस रिकॉर्ड को टैग करने वाले पहले व्यक्ति बनें!
Thư viện lưu trữ: Trung tâm Học liệu Lê Vũ Hùng, Trường Đại học Đồng Tháp
LEADER 00647pam a22001938a 4500
001 00015704
005 20171026081022.0
008 110330s1986 ||||||Viesd
041 0 # |a Vie 
082 1 4 |a 342.597  |b H428Đ 
100 0 # |a Mai Châu 
245 0 0 |a Hỏi đáp về giá lương tiền  |c Mai Châu 
260 # # |a H.  |b Lao động  |c 1986 
300 # # |a 87 tr.  |c 19 cm. 
653 # # |a Giá cả  |a Kinh tế quốc dân  |a Nhà nước  |a Quản lý kinh tế 
852 # # |b Kho đọc  |j KD.0001091 
852 # # |j KD.0001091 
910 |d 30/03/2011 
980 # # |a Trung tâm Học liệu Lê Vũ Hùng, Trường Đại học Đồng Tháp